Villes les plus proches de la Loire - Statistiques

Statistiques générales
  • Ce quiz a été pris 90 fois
    89 depuis la dernière actualisation
  • Le résultat moyen est 10 sur 21
Statistiques - réponses
Distance (Kilomètres) Population (Milliers) Ville % Correct
0 321 Nantes
94%
2 156 Angers
85%
0 138 Tours
79%
0 117 Orléans
78%
7 174 Saint Etienne
72%
0 72 Saint Nazaire
72%
0 47 Blois
71%
43 522 Lyon
66%
40 64 Bourges
57%
0 32 Nevers
52%
0 34 Roanne
39%
28 54 Cholet
38%
0 38 Le puy en Velay
34%
50 34 Mâcon
30%
50 55 La Roche sur Yon
28%
50 34 Auxerre
27%
50 64 Valence
17%
50 54 Vannes
9%
44 36 Villefranche sur Saône
6%
47 40 Montélimar
4%
48 32 Châtellerault
2%
Aucun quiz correspondant
Distribution des résultats
% des personnes avec chaque résultat
Percentile par nombre de réponses
Votre historique - résultats
Vous n’avez pas pris ce quiz depuis la dernière actualisation